Conferência Internacional Infanto-Juvenil (Registo nº 3827)

Detalhes MARC
000 -Etiqueta do registo
Cabeçalho 00731nam a2200193 i 4500
005 - Identificador da versão
Campo de controlo 20240813122045.0
021 ## - Número do Depósito Legal
Código do país PT
Número 298192/09
100 ## - Dados gerais de processamento
Dados gerais de processamento 20101006d2009 m y0pory5003 ba
102 ## - Pais de publicação ou produção
País de publicação Portugal
101 0# - Língua de publicação
Língua do texto, banda sonora, etc. Português
215 ## - Descrição física 
Indicação específica da natureza do documento e extensão da espécie 98 p.
200 1# - Titulo e menção de responsabilidade
Título próprio Conferência Internacional Infanto-Juvenil
Informação de outro título Texto base e passo a passo para as Conferências nas Escolas da Comunidade dos Países de Língua Portuguesa
Primeira menção de responsabilidade Rachel Trajber (coord.)
210 ## - Publicação, Distribuição, etc. 
Lugar da edição, distribuição, etc. Brasília
Nome do editor, distribuidor, etc. Ministério da Educação
Data da publicação, distribuição, etc. 2009
300 ## - Notas gerais 
Texto da nota Texto base para a conferência Internacional Infanto-Juvenil "Vamos cuidar do Planeta" que se realizará no Brasil de 5 a 10 de Junho de 2010
675 ## - Classificação Decimal Universal (CDU)
Notação 061.3
Edição BN
Língua da edição por
942 ## - Elementos de entrada adicionados (Koha)
Tipo de item no Koha Livro
Exemplares
Situação do levantamento Origin of item (home branch) (coded) Biblioteca de empréstimo Código de barras Cota Circulation type (not for loan) Tipo de documento Nota do exemplar Damaged status
  Biblioteca Escolar das Vendas Biblioteca Escolar das Vendas BEV2401 061.3   Livro Sem mensagem  
  Biblioteca Escolar das Vendas Biblioteca Escolar das Vendas BEV2402 061.3   Livro Sem mensagem